Catalog

Record Details

Catalog Search



Základy pedagogické psychologie  Cover Image Book Book

Základy pedagogické psychologie / Rudolf Kohoutek a kolektiv

Record details

  • ISBN: 80-85867-94-X
  • Physical Description: 184 s. ; 21 cm
  • Publisher: Brno : CERM, 1996

Content descriptions

General Note:
Terminol. slovníček
Pozn.
Bibliography, etc. Note:
Bibliogr.
Subject: pedagogická psychologie
Genre: učebnice

Available copies

  • 1 of 1 copy available at Common Catalog SPOK.

Holds

  • 0 current holds with 1 total copy.
Show Only Available Copies
Location Call Number / Copy Notes Barcode Shelving Location Status Due Date
Jabok Library Ped-4.1 424480001307 Odborná literatura Available -

Electronic resources

Version of Resource: Digitalizovaný dokument


LDR 01024nam a2200325 a 4500
00115190
003CZ-PrJAB
00520191220105732.0
007tu
008960619s1996 xr e p 000 0 cze
015 . ‡acnb000120650
020 . ‡a80-85867-94-X ‡q(brož.)
035 . ‡a(CZ PrNK)cpk19960120650
035 . ‡a(OCoLC)84912916
040 . ‡aABA001 ‡bcze
072 7. ‡a37 ‡xVýchova a vzdělávání ‡2Konspekt ‡922
080 . ‡a37.01 ‡2undef
080 . ‡a159.9 ‡2undef
1001 . ‡aKohoutek, Rudolf, ‡d1940- ‡7jo2002106488 ‡4aut
24510. ‡aZáklady pedagogické psychologie / ‡cRudolf Kohoutek a kolektiv
260 . ‡aBrno : ‡bCERM, ‡c1996
300 . ‡a184 s. ; ‡c21 cm
500 . ‡aTerminol. slovníček
500 . ‡aPozn.
504 . ‡aBibliogr.
65007. ‡apedagogická psychologie ‡7ph124012 ‡2czenas
655 7. ‡aučebnice ‡7fd133770 ‡2czenas
85641. ‡uhttp://krameriusndk.nkp.cz/search/handle/uuid:a1eb9880-fdd5-11e3-9789-005056827e52 ‡yDigitalizovaný dokument
910 . ‡aABG312
995 . ‡aska
901 . ‡a15190 ‡bCZ PrNK ‡c15190 ‡tbiblio

Additional Resources